Podnikanie v malých a stredných podnikoch

Saved in:
Bibliographic Details
Main Author: Chodasová, Alena
Corporate Author: Ekonomická univerzita v Bratislave. Fakulta podnikového manažmentu
Format: Book
Language:Slovak
Published: Bratislava EU 1993
Edition:1. vyd.
Subjects:
Tags: Add Tag
No Tags, Be the first to tag this record!

MARC

LEADER 00000nam a2200000 4500
001 c003484
005 20221214082615.3
020 |a 80-225-0453-X 
041 0 |a slo 
044 |a SK 
245 1 0 |a Podnikanie v malých a stredných podnikoch  |c Alena Chodasová 
250 |a 1. vyd. 
264 1 |a Bratislava  |b EU  |c 1993 
300 |a 105 s. 
610 2 0 |a podnikanie 
610 2 0 |a podnik malý 
610 2 0 |a podnik stredný 
610 2 0 |a plánovanie podnikové 
610 2 0 |a dejiny hospodárske 
610 2 0 |a porovnanie štatistické medzinárodné 
610 2 0 |a riadenie podnikové 
610 2 0 |a Česko 
610 2 0 |a Slovensko 
610 2 0 |a stratégia podniková 
610 2 0 |a financovanie podnikov 
610 2 0 |a politika personálna 
610 2 0 |a legislatíva 
100 1 |a Chodasová, Alena 
710 2 |a Ekonomická univerzita v Bratislave. Fakulta podnikového manažmentu